Termodinámica

Bibliographic Details
Main Authors: Manrrique, José, Cárdenas, Rafael
Format: Section = Libro
Language:Undetermined
Spanish
Published: México Harla 1976
Subjects:
LEADER 00439nam a2200181Ia 4500
008 240830s9999 xx 000 0 und d
040 |a CEDOC FIQ-RUSB / 541.369 M266 
041 |a spa 
082 |a 541.369 M266 
100 1 |a Manrrique, José 
100 1 |b  Cárdenas, Rafael 
245 1 0 |a Termodinámica 
260 |a México  |b Harla  |c 1976 
300 |a 338 p. :il 
650 7 |a TERMODINAMICA 
942 |c BK  |2 ddc 
991 |a TEXTO 
999 |c 14175